IFM Opac

Fundamentals of investing (Record no. 15359)

MARC details
000 -LEADER
fixed length control field 00304nam a22001337a 4500
020 ## - INTERNATIONAL STANDARD BOOK NUMBER
International Standard Book Number 0471096504
082 ## - DEWEY DECIMAL CLASSIFICATION NUMBER
Classification number 332.67 BRA
100 ## - MAIN ENTRY--PERSONAL NAME
Personal name Branch, Ben
245 ## - TITLE STATEMENT
Title Fundamentals of investing
260 ## - PUBLICATION, DISTRIBUTION, ETC.
Place of publication, distribution, etc. London
Name of publisher, distributor, etc. A wiley/Hamilton
Date of publication, distribution, etc. 1976
300 ## - PHYSICAL DESCRIPTION
Extent 301p.
Other physical details 24cm.
500 ## - GENERAL NOTE
General note Include Index
942 ## - ADDED ENTRY ELEMENTS (KOHA)
Koha item type Books
Holdings
Withdrawn status Lost status Source of classification or shelving scheme Damaged status Not for loan Home library Current library Shelving location Date acquired Full call number Barcode Date last seen Price effective from Koha item type
    Dewey Decimal Classification     IFM Main Campus Library IFM Main Campus Library   02/11/2016 332.67 BRA 0000005135 02/11/2016 02/11/2016 Books